Madvillainy Tracklist - Statistics

General Stats
  • This quiz has been taken 90 times
  • The average score is 13 of 22
Answer Stats
Track No. Answer % Correct
2 Accordion
91%
3 Meat Grinder
84%
20 All Caps
83%
14 Figaro
77%
22 Rhinestone Cowboy
77%
5 Raid
75%
17 Fancy Clown
70%
1 The Illest Villains
68%
6 America's Most Blunted
65%
4 Bistro
65%
9 Curls
61%
21 Great Day
58%
8 Rainbows
52%
18 Eye
51%
7 Sickfit
51%
16 Strange Ways
51%
12 Shadows of Tomorrow
46%
13 Operation Lifesaver
45%
19 Supervillain Theme
43%
10 Do Not Fire!
41%
11 Money Folder
39%
15 Hardcore Hustle
35%
No matching quizzes found
Score Distribution
Percent of People with Each Score
Percentile by Number Answered
Your Score History
You have not taken this quiz